000 01631namaa22003611i 4500
003 EG-GICUC
005 20260411130018.0
008 260411s1992 le ap||jr|||| 000 0 ara d
040 _aEG-GiCUC
_bara
_cEG-GiCUC
_dEG-GiCUC
_erda
043 _aff-----
082 0 4 _221
_a953
_bK451tar
092 0 4 _221
_a953
_bK451tar
099 _a953 K451tar
100 0 _aابن خلدون
_d1332-1406
_eمؤلف.
245 1 _aتاريخ ابن خلدون :
_bالمسمى كتاب العبر وديوان المبتدا والخبر فى أيام العرب والعجم والبربر ومن عاصرهم من ذوى السلطان الأكبر/
_cللعلامة عبد الرحمن بن خلدون.
250 _aالطبعة الاولى
264 _aلبنان (بيروت) :
_bدار الكتب العلمية،
_c1992.
300 _aمجلدات 7 :
_bإيضاحيات، مثيليات ؛
_c25 سم
336 _2rdacontent
_atext
337 _2rdamedia
_aUnmediated
338 _2rdacarrier
_avolume
504 _a.
541 _aد. جابر عصفور ؛
_bالقاهرة ؛
_cإهداء ؛
_d2024.
650 1 7 _aالتاريخ الاسلامى
_2qrmak
650 1 7 _aالاجتماع الاسلامى : علم
_2qrmak
650 1 7 _aالتاريخ
_xفلسفة
_yالاعمال الاولية حتى 1800
_2qrmak
650 1 7 _aاللغة العربية
_xالنحو
_2qrmak
650 1 7 _aالاجتماع السياسى : علم
_2qrmak
651 1 _2qrmak
_aافريقيا الشمالية
_xتاريخ
_y647-1517
651 1 _2qrmak
_aالتاريخ الاسلامى
_xتاريح
905 _aAya
942 _2ddc
_cBK
_e21
_n0
999 _c179380
_d179380